Poligoni - Statistics

Statistiche generali
  • Questo quiz è stato fatto 56 volte
  • Il punteggio medio è 10 su 18
Statistiche sulle risposte
Numero di lati Poligono % Corretto
3 Triangolo
100%
6 Esagono
98%
8 Ottagono
98%
5 Pentagono
96%
10 Decagono
92%
12 Dodecagono
88%
7 Ettagono
84%
4 Quadrilatero
84%
9 Ennagono
70%
11 Endecagono
50%
13 Tridecagono
42%
19 Ennadecagono
22%
16 Esadecagono
22%
18 Ottadecagono
22%
15 Pentadecadgono
22%
17 Ettadecagono
20%
14 Tetradecagono
20%
20 Icosagono
16%
Nessun quiz corrispondente trovato
Distribuzione punteggi
Percentuale di utenti per punteggio
Percentile per numero di risposta
I tuoi punteggi nel tempo
Non hai fatto questo quiz